| 000 | 01022cam a2200289 i 4500 | ||
|---|---|---|---|
| 999 |
_c57544 _d57544 |
||
| 001 | 18456321 | ||
| 005 | 20221107115409.0 | ||
| 008 | 150113t20152015paua b 001 0 eng | ||
| 010 | _a 2015001521 | ||
| 020 | _a9781496386441 X | ||
| 041 | _ageo | ||
| 042 | _apcc | ||
| 080 | _a618.1 H-22 | ||
| 082 | 0 | 0 |
_a618.1/45 _223 |
| 100 |
_aHanda, Victoria L. _99050 |
||
| 245 | 0 | 0 |
_aTe Linde's operative gynecology. _c Victoria L. Handa. |
| 250 |
_aTwelfth edition _b |
||
| 264 | 4 |
_b2020. _aPhiladelphia, |
|
| 300 |
_a793 pages : _billustratrions ; _c29 cm. |
||
| 653 | _aმედიცინა | ||
| 653 | _aგინეკოლოგია | ||
| 653 | _aგინეკოლოგიური ქირურგიული პროცედურები | ||
| 653 | _aГинекологические хирургические процедуры | ||
| 700 | 1 |
_aHanda, Victoria L. _d _eრედაქტორი _99052 |
|
| 700 | 1 |
_aVan Le, linda _eრედაქტორი _99053 |
|
| 942 |
_2udc _cBK |
||